国立大学の本部がある自治体 - Statistics

General Stats
  • This quiz has been taken 199 times
  • The average score is 77 of 86
Answer Stats
University Answer % Correct
北海道大学 札幌市
100%
北海道教育大学 札幌市
100%
室蘭工業大学 室蘭市
99%
小樽商科大学 小樽市
99%
帯広畜産大学 帯広市
99%
旭川医科大学 旭川市
99%
北見工業大学 北見市
99%
弘前大学 弘前市
99%
岩手大学 盛岡市
99%
東北大学 仙台市
99%
宮城教育大学 仙台市
99%
秋田大学 秋田市
99%
山形大学 山形市
99%
福島大学 福島市
99%
茨城大学 水戸市
99%
筑波大学 つくば市
99%
筑波技術大学 つくば市
99%
宇都宮大学 宇都宮市
99%
群馬大学 前橋市
99%
埼玉大学 さいたま市
99%
千葉大学 千葉市
99%
富山大学 富山市
98%
金沢大学 金沢市
98%
福井大学 福井市
98%
岐阜大学 岐阜市
98%
静岡大学 静岡市
98%
浜松医科大学 浜松市
98%
名古屋大学 名古屋市
98%
名古屋工業大学 名古屋市
98%
三重大学 津市
98%
滋賀医科大学 大津市
98%
京都大学 京都市
98%
京都教育大学 京都市
98%
京都工芸繊維大学 京都市
98%
神戸大学 神戸市
98%
奈良教育大学 奈良市
98%
奈良女子大学 奈良市
98%
和歌山大学 和歌山市
98%
横浜国立大学 横浜市
97%
新潟大学 新潟市
97%
長岡技術科学大学 長岡市
97%
山梨大学 甲府市
97%
信州大学 松本市
97%
豊橋技術科学大学 豊橋市
97%
東京大学 文京区
95%
東京医科歯科大学 文京区
95%
お茶の水女子大学 文京区
95%
上越教育大学 上越市
95%
鳥取大学 鳥取市
95%
島根大学 松江市
95%
山口大学 山口市
95%
徳島大学 徳島市
95%
香川大学 高松市
95%
愛媛大学 松山市
95%
高知大学 高知市
95%
九州大学 福岡市
95%
岡山大学 岡山市
94%
鳴門教育大学 鳴門市
94%
長崎大学 長崎市
94%
熊本大学 熊本市
94%
大分大学 大分市
94%
宮崎大学 宮崎市
94%
鹿児島大学 鹿児島市
94%
佐賀大学 佐賀市
93%
東京海洋大学 港区
92%
政策研究大学院大学 港区
92%
鹿屋体育大学 鹿屋市
89%
九州工業大学 北九州市
88%
一橋大学 国立市
87%
広島大学 東広島市
87%
大阪大学 吹田市
84%
滋賀大学 彦根市
83%
東京工業大学 目黒区
80%
東京外国語大学 府中市
73%
東京農工大学 府中市
73%
東京藝術大学 台東区
73%
電気通信大学 調布市
71%
東京学芸大学 小金井市
61%
奈良先端科学技術大学院大学 生駒市
60%
愛知教育大学 刈谷市
49%
大阪教育大学 柏原市
44%
福岡教育大学 宗像市
39%
琉球大学 西原町
36%
兵庫教育大学 加東市
33%
総合研究大学院大学 葉山町
29%
北陸先端科学技術大学院大学 能美市
27%
No matching quizzes found
Score Distribution
Percent of People with Each Score
Percentile by Number Answered
Your Score History
You have not taken this quiz